Species of dogs - Statistics

General Stats
  • This quiz has been taken 143 times
  • The average score is 15 of 39
Answer Stats
Species % Correct
Gray wolf
100%
Red fox
94%
{African wild} dog
82%
Coyote
78%
Arctic fox
75%
{Domestic} dog
72%
Gray fox
72%
Golden Jackal
70%
Fennec fox
66%
Red wolf
61%
Maned wolf
56%
Dhole
51%
{Raccoon} dog
48%
{Bush} dog
41%
Bat-eared fox
36%
Black-backed jackal
34%
Ethiopian wolf
34%
Maikong
33%
Tibetan fox
32%
Side-stripped jackal
31%
Island fox
26%
Kit fox
26%
Pampas fox
22%
Timber wolf
22%
Culpeo
21%
Swift fox
21%
{Japanese raccoon} dog
20%
African wolf
18%
Corsac
18%
Bengal fox
17%
Darwin's fox
17%
Rüppell's fox
17%
{Short-eared} dog
16%
Cape fox
13%
Hoary fox
13%
Patagonian fox
13%
Blanford's fox
11%
Sechuran fox
8%
Pale fox
7%
No matching quizzes found
Score Distribution
Percent of People with Each Score
Percentile by Number Answered
Your Score History
You have not taken this quiz